Giáo trình phân tích và đầu tư chứng khoán
Những vấn đề cơ bản về phân tích chứng khoán cụ thể về: phân tích vĩ mô và phân tích ngành, phân tích tình hình tài chính, định giá chứng khoán, trái phiếu, cổ phiếu, đầu tư chứng khoán. Xây dựng, đánh giá và quản lí danh mục đầu tư chu...
Wedi'i Gadw mewn:
| Awduron Eraill: | , |
|---|---|
| Fformat: | Llyfr |
| Iaith: | Vietnamese |
| Cyhoeddwyd: |
H.
Tài chính
2009
|
| Pynciau: | |
| Tagiau: |
Ychwanegu Tag
Dim Tagiau, Byddwch y cyntaf i dagio'r cofnod hwn!
|
| Thư viện lưu trữ: | Trung tâm Học liệu Lê Vũ Hùng, Trường Đại học Đồng Tháp |
|---|
| LEADER | 01549pam a22003258a 4500 | ||
|---|---|---|---|
| 001 | 00026665 | ||
| 005 | 20171026081023.0 | ||
| 008 | 110816s2009 ||||||viesd | ||
| 020 | |c 70000 | ||
| 041 | 0 | # | |a vie |
| 082 | 1 | 4 | |a 332.630 71 |b GI108TR |
| 245 | 0 | 0 | |a Giáo trình phân tích và đầu tư chứng khoán |c Nguyễn Đăng Nam (ch.b.), Hoàng Văn Quỳnh |
| 260 | # | # | |a H. |b Tài chính |c 2009 |
| 300 | # | # | |a 455 tr. |b bảng, hình vẽ |c 24 cm. |
| 500 | # | # | |a ĐTTS ghi: Học viện Tài chính |
| 504 | # | # | |a Thư mục: tr. 446 |
| 520 | # | |a Những vấn đề cơ bản về phân tích chứng khoán cụ thể về: phân tích vĩ mô và phân tích ngành, phân tích tình hình tài chính, định giá chứng khoán, trái phiếu, cổ phiếu, đầu tư chứng khoán. Xây dựng, đánh giá và quản lí danh mục đầu tư chứng khoán | |
| 650 | # | 4 | |a Chứng khoán |
| 650 | # | 4 | |a Giáo trình |
| 650 | # | 4 | |a Đầu tư |
| 650 | # | 4 | |a Quản lí |
| 650 | # | 4 | |a Phân tích |
| 700 | 1 | # | |a Hoàng Văn Quỳnh |
| 700 | 1 | # | |a Nguyễn Đăng Nam |e (ch.b.) |
| 852 | # | # | |b Kho giáo trình |j KGT.0031787, KGT.0031788, KGT.0031789, KGT.0031790 |
| 852 | # | # | |j KGT.0031790 |j KGT.0031788 |j KD.0010755 |j KGT.0031787 |j KGT.0031789 |
| 852 | # | # | |b Kho đọc |j KD.0010755 |
| 852 | # | # | |b Kho mượn |j KGT.0031789 |
| 910 | |d 16/08/2011 | ||
| 980 | # | # | |a Trung tâm Học liệu Lê Vũ Hùng, Trường Đại học Đồng Tháp |